000 00845nam a2200265 a 4500
001 BRCA_131
005 20190320202908.0
008 010712s1993 sp-a---##b---#001-0#spa-d
020 _a8446001713
040 _aPBR
_cPBR
_dXRW
041 _aspa
_hfre
050 4 _aAM5
_b.R58 1993
100 1 _aRevière, George Henri
_9520
245 1 0 _aLa museología
_bcurso de museología, textos y testimonios
_cGeorges Henri Rivière ; traducción Antón Rodríguez Casal.
260 _aMadrid
_bAkal
_cc1993
300 _a533 p.
_bil.
_c25 cm.
440 0 _aAkal
_pArte y estética
_v30
_9521
500 _aTraducción de: La Muséologie
500 _aIncluye índice de nombres
504 _aBibliografía: p. 497-519
650 1 4 _aMuseología
_vCursos
_9522
650 1 4 _aMuseografía
_9523
700 1 _aRodríguez Casal, Antón
_9524
942 _2lcc
_cB
999 _c114
_d114